01703nas a2200241Ia 4500001001100000003001000011008004100021040002500062041001300087100002000100210001900120222001900139245006800158250001100226260007600237300001100313310001200324362003500336500047900371501011400850520047900964650001801443R050-S2700IT-CnALBA170116c99999999xx |||||||||||| ||und|| aIT-CnALBAcIT-CnALBA aITALIANO aPASINI GIUSEPPE aITALIA CARITAS aITALIA CARITAS 0aITALIA CARITAS. APRILE 1993. GIOVANI SENZA FRETTA DI CRESCERE.  a1a ed. a ROMAbCARITAS ITALIANA c1993 [1° Ed.:1993 - Ed.Ling.Originale: 1993] a32 p.  aMENSILE aFascicolo: 4 / Anno: 26 (1993) aRISURREZIONE E SPERANZA. EX JUGOSLAVIA, ORA BASTA. MASSACRO ASSURDO, ROMAGNOLI A. DISOCCUPATI, CIFRE DA BRIVIDO, AREE DISAGIO E POVERTÀ, NELLA CEE, DISOCCUPAZIONE. CIPRIANI P. DATI JARD SU GIOVANI OGGI, NEGATO IL DIRITTO ALLO STUDIO? POLITICA PER POLITICI SOLO? RICCI S. GLI STUDENTI STRANIERI. CARI MAFIOSI, DONNE SCRIVONO. MARTIRANI G. MAFIA E NONVIOLENZA, CIPRIANI D. I SANTI MILITARI. DOVE VA LA COOPERAZIONE INTERNAZIONALE. MURI DA ABBATTERE, AVS E IMPEGNO POLITICO.  aSocietà San Paolo EM - Piazza San Paolo, 14 - 12051 ALBA (CN) (non commercial uses only) ® Copyright 2017 aRISURREZIONE E SPERANZA. EX JUGOSLAVIA, ORA BASTA. MASSACRO ASSURDO, ROMAGNOLI A. DISOCCUPATI, CIFRE DA BRIVIDO, AREE DISAGIO E POVERTÀ, NELLA CEE, DISOCCUPAZIONE. CIPRIANI P. DATI JARD SU GIOVANI OGGI, NEGATO IL DIRITTO ALLO STUDIO? POLITICA PER POLITICI SOLO? RICCI S. GLI STUDENTI STRANIERI. CARI MAFIOSI, DONNE SCRIVONO. MARTIRANI G. MAFIA E NONVIOLENZA, CIPRIANI D. I SANTI MILITARI. DOVE VA LA COOPERAZIONE INTERNAZIONALE. MURI DA ABBATTERE, AVS E IMPEGNO POLITICO.  aECCLESIOLOGIA